Examen del quijotismo /

Guardado en:
Autor Principal: Mañach, Jorge
Formato: Libro
Publicado: Buenos Aires : Sudamericana, 1950
Series:Coleccion Ensayos Breves
Materias:
Etiquetas: Agregar Etiqueta
Sin Etiquetas, Sea el primero en etiquetar este registro!
LEADER 00567nam a22001935a 4500
001 EHU.bham024883
003 AR-BHAM
005 20130508103145.0
008 130507s1950##################000#0#####d
082 8 6 |a 860.07 
100 1 |a Mañach, Jorge 
245 1 0 |a Examen del quijotismo /  |c Jorge Mañach 
260 |a Buenos Aires :  |b Sudamericana,  |c 1950 
300 |a 162 p. 
490 0 |a Coleccion Ensayos Breves 
653 |a Donacion lejarraga 
653 |a Cervantes saavedra 
653 |a Literatura espaÑola 
859 |a AR-BHAM  |b BIB. HUMANIDADES - General  |h 860.07  |i M316  |p 608.02  |t Ej.1